1327 1776 1293 1008 1521 1445 1129 1449 1680 1859 1345 1815 1102 1300 1907 1426 1075 1972 1520 1737 1297 1763 1233 1053 1139 1127 1791 1436 1411 1028 1140 1553 1657 1584 1503 1217 1502 1226 1191 1648 1190 1817 1718 1875 1988 1447 1358 1345 1523 1191 1250 1827 1388 1487 1332 1911 1911 1505 1980 1757 1283 1096 1204 1656 1370 1754 1254 1372 1634 1221 1995 1489 1860 1534 1374 1807 1496 1298 1344 1427 1801 1333 1762 1697 1565 1362 1050 1465 1846 1749 1291 1877 1458 1486 1127 1516 1094 1983 1555 BCNSPRNW ULIB Ver.6.0+V

เปลี่ยนเป็นภาษาไทย

Change to English
 แสดงรายละเอียดบรรณานุกรม
  กลับหน้าหลัก

Brief Record : Get Marc (ISO 2709) : E-mail record : QR code < ปิดหน้าต่าง
LEADER : 00000nam 2200000uu 4500
001    13399125222
003     ULIB
008    161118s2558||||th 000 0 tha d
050 04 ^aLB1025^bป533ค
100 0  ^aดร.ปัทมา ทองสม,อาจารย์เฟื่องฟ้า นรพัลลภ,ดร.อัจฉรา จั่นเพ็ชรและดร.ธนวันต์ ศรีอมรรัตนกุล
245 10 ^aคู่มือครูในการจัดการเรียนการสอนโดยใช้ปัญหาเป็นหลักสำหรับวิทยาลัยพยาบาลในสังกัดสถาบันพระบรมราชชนก /^cดร.ปัทมา ทองสม,อาจารย์เฟื่องฟ้า นรพัลลภ,ดร.อัจฉรา จั่นเพ็ชรและดร.ธนวันต์ ศรีอมรรัตนกุล
260    ^aนนทบุรี :^bโรงพิมพ์ยุทธรินทร์การพิมพ์,^c2558
300    ^a95 หน้า :^bภาพประกอบ ;^c21 ซม
650  0 ^aคู่มือครู^bการเรียนการสอน
945    ^p0^l0^i001529
945    ^p0^l0^i001552
999    ^aวรรณษา ชูชัยมงคล
รายการนี้ยังไม่มีแท็ก
คุณยังไม่ได้ล็อกอิน คุณสามารถมีกิจกรรมร่วมกับเว็บไซต์ได้ แต่ต้องล็อกอินก่อน ::
  ล็อกอิน

รายการสื่อสารสนเทศ

ลำดับที่ ประเภท เลขเรียก/บาร์โค้ด สถานที่ สถานะ
1. การศึกษาทั่วไป
การศึกษาทั่วไป
LB1025 ป533ค ฉ.1 
  Barcode: 001529
ห้องสมุดวิทยาเขตสวรรค์ประชารักษ์
►หนังสือทั่วไป
บนชั้น
2. Book การพยาบาล
Book การพยาบาล
LB1025 ป533ค ฉ.2 
  Barcode: 001552
ห้องสมุดวิทยาเขตสวรรค์ประชารักษ์
►หนังสือทั่วไป
บนชั้น

BibComment


ยังไม่เคยถูกคอมเมนท์

คอมเมนท์ทรัพยากรรายการนี้
  คอมเมนท์: คู่มือครูในการจั..


 Copyright 2026. Bcnsprnw @Library